00829 2200289 4500001002100000005001500021035002500036008004100061020002200102040001700124082001600141084001800157100002100175245008900196250001100285260003300296300002500329650003200354700001900386850001200405007000300417090002300420090002100443504003300464999002100497990002100518INLIS00000000001627720200721103922 a0010-011600000000368160119s2015 yoi g ind d a978-602-279-169-0 aYOPDYOGbind04222a920.598 a920.598 NUR k0 aNur Rokhimd199300aKiai-kiai kharismatik & fenomenal /cpenulis, Nur Rokhim; penyunting, AH Zain Malik aCet. 13 aYogyakarta :bIrcisod,c2015 a244 halaman ;c24 cm 4aBiografi Islam--zIndonesia1 aZain Malik, AH aYOPDYOGta aDEP 920.598 NUR k aCB-D.11 2015-851 aBibliografi: halaman 240-243 aCB-D.11/2015-851 aCB-D.11/2015-851